| 000 | 00560nam a22001937a 4500 | ||
|---|---|---|---|
| 005 | 20140617130608.0 | ||
| 010 | _aENG-110185 | ||
| 020 |
_a9789325976160 _c325.00 |
||
| 035 | _aEN-93717 | ||
| 037 | _bDBAD/PUB | ||
| 082 | _a519.5024658 | ||
| 100 | _aSharma, J.K. | ||
| 245 |
_aFundamentals of business statistics / _cby J.K. Sharma |
||
| 250 | _a2nd ed | ||
| 260 |
_aNoida _bVikas Publishing House _c2014 |
||
| 270 |
_aE-28, Sector-8, _bNoida (UP) _e201301 |
||
| 300 |
_axv,547.: _c24cm(pbk) _bill |
||
| 942 |
_2ddc _cEN _mSHA _h519.5024658 |
||
| 999 |
_c85021 _d85021 |
||